Assessment of the Environmental-Economic Efficiency and Sustainability of Production - a Case Study

Gespeichert in:
Bibliographische Detailangaben
1. Verfasser: Majerník, Milan, 1952-
Weitere Verfasser: Daneshjo, Naqibullah, 1964-, Naščáková, Jana, Tarča, Alexander
Format: Buchkapitel
Sprache:Englisch
Schlagworte:
Tags: Tag hinzufügen
Keine Tags, Fügen Sie das erste Tag hinzu!

MARC

LEADER 00000naa$a2200000$$$4500
001 0262543
005 20240502083754.4
041 0 |a eng 
044 |a US 
245 1 0 |a Assessment of the Environmental-Economic Efficiency and Sustainability of Production - a Case Study  |c M. Majerník, N. Daneshjo, J. Naščáková, A. Tarča 
610 2 0 |a výroba 
610 2 0 |a podnik výrobný 
610 2 0 |a ochrana prostredia životného 
610 2 0 |a emisie 
610 2 0 |a štúdie prípadové 
100 1 |a Majerník, Milan, 1952- 
700 1 |a Daneshjo, Naqibullah, 1964- 
700 1 |a Naščáková, Jana 
700 1 |a Tarča, Alexander